Statistics for Modern Countries That Gained Independence from Russia w/map

Click here to take the quiz!

General Stats

  • This quiz has been taken 55 times
  • The average score is 15 of 16

Answers on the Map

Answers color-coded by a green-red scale on the quiz's map according to % correct below.
 

Answer Stats

From WhoAnswer% Correct
Soviet UnionKazakhstan
100%
Soviet UnionBelarus
98%
Soviet UnionEstonia
98%
Soviet UnionLatvia
98%
Soviet UnionTurkmenistan
98%
Soviet UnionUkraine
98%
Soviet UnionUzbekistan
98%
Russian EmpireFinland
96%
Soviet UnionLithuania
96%
Soviet UnionTajikistan
96%
Soviet UnionArmenia
94%
Soviet UnionGeorgia
94%
Soviet UnionKyrgyzstan
94%
Soviet UnionMoldova
94%
Soviet UnionNorth Korea
92%
Soviet UnionAzerbaijan
90%

Score Distribution

Percentile by Number Answered

Percent of People with Each Score

Your Score History

You have not taken this quiz